[Event "17th Unive Open 2013"]
[Site "Hoogeveen NED"]
[Date "2013.10.18"]
[Round "1.34"]
[White "Den Hartog, Marijn"]
[Black "Hulshof, Peter"]
[Result "0-1"]
[WhiteElo "1998"]
[BlackElo "2206"]
[WhiteFideId "1046098"]
[BlackFideId "1003291"]
[EventDate "2013.10.18"]

1. e4 g6 2. d4 Bg7 3. Nc3 c6 4. Nf3 d5 5. e5 Bg4 6. Be2 Bxf3 7. Bxf3 e6 8. O-O
Ne7 9. Bg5 h6 10. Bh4 Qd7 11. Qd2 Nf5 12. Bg3 c5 13. dxc5 Nxg3 14. fxg3 Nc6 15.
Rae1 Nxe5 16. Be2 O-O 17. Bb5 Qc7 18. b4 Rac8 19. Be2 b6 20. Nb5 Qe7 21. cxb6
axb6 22. c3 Qd7 23. a4 Nc4 24. Bxc4 Rxc4 25. Rf3 Ra8 26. Qe3 Re4 27. Qd2 Rxe1+
28. Qxe1 Rxa4 29. Nd4 Bxd4+ 30. cxd4 Qb5 31. Qe5 Ra1+ 32. Kf2 Qf1+ 33. Ke3 Re1+ 0-1

[Event "17th Unive Open 2013"]
[Site "Hoogeveen NED"]
[Date "2013.10.18"]
[Round "1.35"]
[White "Kollen, Zyon"]
[Black "Kolodkin, Daniil"]
[Result "1/2-1/2"]
[WhiteElo "2188"]
[BlackElo "1981"]
[WhiteFideId "1024256"]
[BlackFideId "1039776"]
[EventDate "2013.10.18"]

1. e4 c5 2. Nf3 d6 3. d4 cxd4 4. Nxd4 Nf6 5. Nc3 a6 6. Be3 e5 7. Nb3 Be6 8. f3
h5 9. a4 Nbd7 10. a5 Rc8 11. Be2 Be7 12. O-O g6 13. Nd5 Nxd5 14. exd5 Bf5 15. c4
Bg5 16. Bf2 Nc5 17. Nxc5 dxc5 18. b4 Be7 19. f4 Qc7 20. fxe5 Qxe5 21. Re1 Kf8
22. Bd3 Qf6 23. Bxf5 gxf5 24. Rxe7 Qxe7 25. d6 Qd7 26. bxc5 h4 27. Qd4 Rg8 28.
Bxh4 Re8 29. Be7+ Rxe7 30. dxe7+ Qxe7 31. Rb1 Qe2 32. Qf2 Qxc4 33. Qxf5 Qd4+ 34.
Kh1 Qd8 35. Qf3 Qxa5 36. c6 Qa2 37. Rf1 bxc6 38. Qxc6 Qe2 39. Ra1 Rg6 40. Qa8+
Kg7 41. h3 a5 42. Rxa5 1/2-1/2

[Event "17th Unive Open 2013"]
[Site "Hoogeveen NED"]
[Date "2013.10.18"]
[Round "1.36"]
[White "Vogel, Jaap"]
[Black "Dijkhuis, Sven"]
[Result "1/2-1/2"]
[WhiteTitle "FM"]
[WhiteElo "2180"]
[BlackElo "1921"]
[WhiteFideId "1000764"]
[BlackFideId "1036556"]
[EventDate "2013.10.18"]

1. d4 Nf6 2. Nf3 g6 3. g3 Bg7 4. Bg2 O-O 5. O-O c5 6. c3 d5 7. Bf4 Nc6 8. Nbd2
Re8 9. dxc5 e5 10. Bg5 e4 11. Nd4 h6 12. Bxf6 Bxf6 13. Nxc6 bxc6 14. Qa4 Qc7 15.
Nb3 Rb8 16. Rad1 Be6 17. f3 e3 18. f4 1/2-1/2

[Event "17th Unive Open 2013"]
[Site "Hoogeveen NED"]
[Date "2013.10.18"]
[Round "1.37"]
[White "Bos, Robin"]
[Black "Baskin, Robert"]
[Result "0-1"]
[WhiteElo "1908"]
[BlackElo "2179"]
[WhiteFideId "1036548"]
[BlackFideId "24662402"]
[EventDate "2013.10.18"]

1. e4 c5 2. Nf3 d6 3. d4 cxd4 4. Nxd4 Nf6 5. Nc3 a6 6. Be3 e5 7. Nb3 Be6 8. Qd2
Be7 9. O-O-O Nbd7 10. f3 h5 11. Kb1 Rc8 12. Rg1 b5 13. Be2 Nb6 14. Bxb6 Qxb6 15.
Nd5 Bxd5 16. exd5 Bd8 17. Bd3 g6 18. g4 hxg4 19. fxg4 Nxd5 20. Bxg6 Ne3 21. Rde1
fxg6 22. Rxe3 Bg5 23. Qd5 Bxe3 24. Rd1 Ke7 0-1

[Event "17th Unive Open 2013"]
[Site "Hoogeveen NED"]
[Date "2013.10.19"]
[Round "2.2"]
[White "L'Ami, Erwin"]
[Black "Bezemer, Arno"]
[Result "1-0"]
[WhiteTitle "GM"]
[BlackTitle "FM"]
[WhiteElo "2645"]
[BlackElo "2327"]
[WhiteFideId "1007998"]
[BlackFideId "1001396"]
[EventDate "2013.10.18"]

1. d4 Nf6 2. c4 g6 3. Nc3 d5 4. Nf3 Bg7 5. cxd5 Nxd5 6. Na4 Nb6 7. e4 Bg4 8. Be3
Bxf3 9. gxf3 e5 10. dxe5 Qe7 11. f4 Qb4+ 12. Nc3 Qxb2 13. Qc1 Qxc1+ 14. Rxc1 c6
15. h4 h5 16. Rg1 N8d7 17. Bh3 Bf8 18. e6 Nc5 19. exf7+ Kxf7 20. Ke2 Re8 21. e5
Ne6 22. f5 gxf5 23. Bxf5 Rd8 24. Rcd1 Rxd1 25. Rxd1 Be7 26. Bc2 Rd8 27. Rxd8
Bxd8 28. Bb3 Bxh4 29. f4 Ke7 30. f5 Nd8 31. f6+ Ke8 32. Bxb6 axb6 33. Kf3 Kd7
34. Ke4 Be1 35. Ne2 h4 36. Nf4 b5 37. e6+ Nxe6 38. Bxe6+ Kc7 39. f7 Bb4 40. Ng6
Kb6 41. Ke5 Ka5 42. Kf6 Bc3+ 43. Ke7 Ka4 44. Ke8 1-0

[Event "17th Unive Open 2013"]
[Site "Hoogeveen NED"]
[Date "2013.10.19"]
[Round "2.4"]
[White "Ernst, Sipke"]
[Black "Piasetski, Leon"]
[Result "1/2-1/2"]
[WhiteTitle "GM"]
[BlackTitle "IM"]
[WhiteElo "2573"]
[BlackElo "2295"]
[WhiteFideId "1004689"]
[BlackFideId "2600072"]
[EventDate "2013.10.18"]

1. Nf3 c5 2. c4 Nc6 3. d4 cxd4 4. Nxd4 Qb6 5. Nb3 Nf6 6. g3 e6 7. Bg2 Ne5 8. Qc2
d6 9. Bf4 Bd7 10. c5 Qc7 11. Na3 Nd5 12. cxd6 Qxc2 13. Nxc2 Nxf4 14. gxf4 Nc4
15. Nc5 Nxd6 16. Nxd7 Kxd7 17. O-O-O Kc7 18. Rd3 Rd8 19. Rhd1 Be7 20. Rc3+ Kb8
21. Rb3 Rd7 22. Kb1 Rhd8 23. Nb4 Kc8 24. e3 Rc7 25. Nd3 Nc4 26. Rc3 Nd6 27.
Rxc7+ Kxc7 28. Ne5 Bh4 29. Rd2 Bf6 30. Kc1 Be7 31. Kc2 h6 32. b3 g5 33. fxg5
hxg5 34. a4 a5 35. h3 Bf6 36. Nd3 Kb6 37. Kb1 Nf5 38. Bf1 Ne7 39. Ne5 Rxd2 40.
Nc4+ Kc5 41. Nxd2 Nd5 42. Ne4+ Kb4 43. Kc2 Be7 44. Bc4 Nc7 45. f4 gxf4 46. exf4
b5 47. axb5 Nxb5 48. Bxb5 Kxb5 49. Kc3 f5 50. Ng5 e5 51. Ne6 Bf6 52. fxe5 Bxe5+
53. Kd3 Kb4 54. Kc2 f4 55. Ng5 Bf6 56. Nf3 Ka3 57. Ne1 Bh4 58. Nf3 Bf6 59. Nd2
Bh4 60. Nc4+ Kb4 61. Ne5 Bg3 62. Nc6+ Kb5 63. Nd4+ Kb4 64. Nc6+ Kb5 65. Nd4+ Kb4
66. Nf3 Bf2 67. Nd2 Bh4 68. Kd3 Bf6 69. Kc2 1/2-1/2

[Event "17th Unive Open 2013"]
[Site "Hoogeveen NED"]
[Date "2013.10.19"]
[Round "2.5"]
[White "Moskalenko, Viktor1"]
[Black "Englert, Fabian"]
[Result "1-0"]
[WhiteTitle "GM"]
[WhiteElo "2520"]
[BlackElo "2290"]
[WhiteFideId "14100100"]
[BlackFideId "24614467"]
[EventDate "2013.10.18"]

1. d4 d5 2. c4 e6 3. Nc3 dxc4 4. e3 Nf6 5. Bxc4 a6 6. Nf3 b5 7. Bd3 c5 8. dxc5
Bxc5 9. O-O Bb7 10. e4 Nbd7 11. Qe2 Qb8 12. Bg5 O-O 13. Rad1 Bc6 14. a3 Ra7 15.
Bb1 a5 16. Bxf6 gxf6 17. Nd4 Bxd4 18. Rxd4 Kh8 19. Rfd1 Rg8 20. Rd6 Ne5 21. Qh5
Rd7 22. Rxd7 Bxd7 23. Ne2 b4 24. Ng3 Ba4 25. Re1 bxa3 26. bxa3 Qb2 27. h3 Qxa3
28. Qh6 Rg6 29. Qd2 Qb4 30. Qd8+ Kg7 31. Rc1 Qb2 32. Qc7 Bc6 33. Rd1 Qb3 34. Qd6
Qb4 35. Qd8 Kh6 36. Kh2 Qa3 37. Qd2+ Kg7 38. Nh5+ Kg8 39. Qd8+ Qf8 40. Nxf6+ Kg7
41. Nh5+ Kg8 42. f4 Nc4 43. Qd4 Na3 44. Qb6 Nxb1 45. Rd8 Bxe4 46. Rxf8+ Kxf8 47.
Qd8# 1-0

[Event "17th Unive Open 2013"]
[Site "Hoogeveen NED"]
[Date "2013.10.19"]
[Round "2.6"]
[White "Pel, Bonno"]
[Black "Pancevski, Filip"]
[Result "1-0"]
[WhiteTitle "FM"]
[BlackTitle "IM"]
[WhiteElo "2291"]
[BlackElo "2493"]
[WhiteFideId "1004760"]
[BlackFideId "15002187"]
[EventDate "2013.10.18"]

1. Nc3 g6 2. d4 Bg7 3. e4 c6 4. f4 d5 5. e5 Nh6 6. Nf3 O-O 7. Be2 Bg4 8. Be3 f6
9. Qd2 Nd7 10. Bf2 e6 11. O-O Bxf3 12. Bxf3 fxe5 13. dxe5 g5 14. fxg5 Nf7 15. h4
Ndxe5 16. Bh5 Nc4 17. Qe1 Nfe5 18. b3 Nd6 19. Rd1 Qe7 20. Qe3 Ng6 21. Ne2 e5 22.
c4 d4 23. Qh3 c5 24. Bg4 Ne4 25. Bf5 Nxf2 26. Rxf2 e4 27. h5 e3 28. Rff1 Ne5 29.
h6 Qxg5 30. hxg7 Qxg7 31. Nf4 Qe7 32. Qh5 Rae8 33. Be6+ Nf7 34. Rf3 1-0

[Event "17th Unive Open 2013"]
[Site "Hoogeveen NED"]
[Date "2013.10.19"]
[Round "2.7"]
[White "Kerigan, Demre"]
[Black "Levin, Felix"]
[Result "0-1"]
[BlackTitle "GM"]
[WhiteElo "2288"]
[BlackElo "2480"]
[WhiteFideId "6307841"]
[BlackFideId "4650905"]
[EventDate "2013.10.18"]

1. e4 c6 2. d4 d5 3. e5 Bf5 4. Nd2 e6 5. Nb3 Nd7 6. Nf3 h6 7. Be2 Ne7 8. O-O g5
9. Bd2 a5 10. a4 Bg7 11. Rc1 O-O 12. h4 g4 13. Ne1 f6 14. exf6 Nxf6 15. Nd3 h5
16. Nf4 Ng6 17. Nxg6 Bxg6 18. Nc5 Ne4 19. Nxe4 dxe4 20. Bg5 Qxd4 21. c3 Qd5 22.
g3 Kh7 23. Rc2 Qxd1 24. Bxd1 Bh6 25. Bxh6 Kxh6 26. Re2 Rf3 27. Bc2 e3 28. Bxg6
Kxg6 29. Rxe3 Rxe3 30. fxe3 Rd8 31. Rf2 Rd1+ 32. Kg2 Re1 33. b4 axb4 34. cxb4
Rxe3 35. Rb2 Ra3 36. b5 Rxa4 37. bxc6 bxc6 38. Rc2 Ra6 39. Rc5 e5 40. Rxe5 Ra2+
41. Kf1 Rc2 42. Rg5+ Kh6 43. Re5 c5 44. Ke1 c4 45. Re6+ Kg7 46. Re5 Kg6 47. Rg5+
Kh6 48. Re5 Rc3 49. Kf2 Rf3+ 50. Kg2 c3 51. Rd5 Kg6 52. Rg5+ Kf6 53. Rxh5 Rf5
54. Rh6+ Ke5 55. h5 Kd4 56. Rd6+ Kc5 57. Rd8 Rxh5 58. Kf2 Re5 59. Rg8 Re4 0-1

[Event "17th Unive Open 2013"]
[Site "Hoogeveen NED"]
[Date "2013.10.19"]
[Round "2.8"]
[White "Donchenko, Alexander"]
[Black "Dijkhuis, Tycho"]
[Result "1-0"]
[WhiteTitle "IM"]
[WhiteElo "2479"]
[BlackElo "2219"]
[WhiteFideId "24603295"]
[BlackFideId "1036564"]
[EventDate "2013.10.18"]

1. c4 e5 2. g3 c6 3. d4 Bb4+ 4. Bd2 Bxd2+ 5. Qxd2 d6 6. Nc3 Nf6 7. Bg2 Be6 8. b3
exd4 9. Qxd4 Na6 10. Nf3 Nb4 11. Rc1 Qa5 12. O-O O-O 13. Qd2 Rad8 14. Nd4 Bg4
15. Na4 c5 16. Nc2 b5 17. cxb5 Qxb5 18. Nxb4 Qxb4 19. Qxb4 cxb4 20. e3 Bd7 21.
Rc7 Bxa4 22. bxa4 d5 23. Rd1 Ne4 24. Rxa7 Nc3 25. Rd2 Kh8 26. a5 g6 27. a6 Ra8
28. Rxa8 Rxa8 29. Bf1 Kg7 30. Rb2 Rb8 31. a3 b3 32. a7 Ra8 33. Rxb3 Na4 34. Rb7
Nc5 35. Rc7 Ne6 36. Rd7 Nc5 37. Rxd5 Nb7 38. Bg2 1-0

[Event "17th Unive Open 2013"]
[Site "Hoogeveen NED"]
[Date "2013.10.19"]
[Round "2.9"]
[White "Wunnink, Michael"]
[Black "Tania, Sachdev"]
[Result "1/2-1/2"]
[BlackTitle "IM"]
[WhiteElo "2244"]
[BlackElo "2438"]
[WhiteFideId "1005448"]
[BlackFideId "5007844"]
[EventDate "2013.10.18"]

1. d4 Nf6 2. c4 e6 3. Nc3 Bb4 4. Qc2 O-O 5. a3 Bxc3+ 6. Qxc3 d5 7. Nf3 dxc4 8.
Qxc4 b6 9. Bg5 Ba6 10. Qa4 Qd7 11. Qc2 Bb7 12. e3 Ne4 13. Bf4 Rc8 14. Ne5 Qe7
15. Bd3 f5 16. O-O c5 17. Qe2 cxd4 18. exd4 Nd7 19. Nc4 Nf8 20. f3 Nf6 21. Nd6
Rc7 22. Rac1 Rxc1 23. Rxc1 Nd5 24. Be5 Rd8 25. Nxb7 1/2-1/2

[Event "17th Unive Open 2013"]
[Site "Hoogeveen NED"]
[Date "2013.10.19"]
[Round "2.10"]
[White "Goudriaan, Etienne"]
[Black "Lessmann, Francis"]
[Result "1-0"]
[WhiteTitle "FM"]
[WhiteElo "2410"]
[BlackElo "2109"]
[WhiteFideId "1021150"]
[BlackFideId "1001949"]
[EventDate "2013.10.18"]

1. d4 Nf6 2. c4 c5 3. Nf3 cxd4 4. Nxd4 e5 5. Nb5 d5 6. cxd5 Bc5 7. N5c3 O-O 8.
g3 Ng4 9. e3 f5 10. Be2 Nf6 11. a3 a6 12. b4 Bd6 13. Nd2 b5 14. Nb3 Nbd7 15. Na5
Nb6 16. Qb3 Qe8 17. Bb2 Kh8 18. O-O-O Ra7 19. Kb1 Qf7 20. f4 Rc7 21. Nxb5 axb5
22. fxe5 Ne8 23. Bxb5 Bd7 24. e6 Qg6 25. exd7 Nxd7 26. Ka2 1-0

[Event "17th Unive Open 2013"]
[Site "Hoogeveen NED"]
[Date "2013.10.19"]
[Round "2.11"]
[White "Lorscheid, Gerhard"]
[Black "Hendriks, Willy"]
[Result "1-0"]
[WhiteTitle "FM"]
[BlackTitle "IM"]
[WhiteElo "2218"]
[BlackElo "2407"]
[WhiteFideId "4606000"]
[BlackFideId "1000713"]
[EventDate "2013.10.18"]

1. d4 Nf6 2. c4 c5 3. d5 b5 4. cxb5 a6 5. bxa6 g6 6. Nc3 Bxa6 7. Nf3 d6 8. e4
Bxf1 9. Kxf1 Bg7 10. h3 O-O 11. Kg1 Nbd7 12. Kh2 Qa5 13. Re1 Rfb8 14. Re2 Rb4
15. Rb1 Ne8 16. Bd2 Rb7 17. Be1 Nc7 18. Rc1 Na6 19. b3 Nb4 20. a4 Qa6 21. Nb5
Rxb5 22. axb5 Qxb5 23. Bxb4 Qxb4 24. Rc4 Qb6 25. Ra4 Rb8 26. Nd2 Qb5 27. Nc4 Bd4
28. Na5 Ne5 29. Rea2 Kg7 30. Rxd4 cxd4 31. Qxd4 Qd3 32. Rd2 Qxd4 33. Rxd4 g5 34.
b4 Kf6 35. Nc6 Rb6 36. Nxe5 Kxe5 37. Rc4 h5 38. Kg3 e6 39. dxe6 fxe6 40. h4 g4
41. f3 gxf3 42. gxf3 Rb8 43. f4+ Kf6 44. Kf3 d5 45. Rd4 dxe4+ 46. Kxe4 Rb7 47.
Rc4 Rb8 48. Kd4 Kf5 49. Kc5 e5 50. fxe5 Kxe5 51. b5 Rc8+ 52. Kb4 Rb8 53. Rc5+
Kd6 54. Rxh5 Kc7 55. Kc5 Rf8 56. Rh7+ Kb8 57. h5 Rf5+ 58. Kb6 Rf6+ 59. Ka5 Re6
60. h6 Rf6 61. b6 Rf1 62. Rg7 1-0

[Event "17th Unive Open 2013"]
[Site "Hoogeveen NED"]
[Date "2013.10.19"]
[Round "2.12"]
[White "Hulshof, Peter"]
[Black "Van Kooten, Luuk"]
[Result "1/2-1/2"]
[BlackTitle "FM"]
[WhiteElo "2206"]
[BlackElo "2375"]
[WhiteFideId "1003291"]
[BlackFideId "1006533"]
[EventDate "2013.10.18"]

1. e4 c5 2. Nc3 Nc6 3. g3 g6 4. Bg2 Bg7 5. d3 d6 6. f4 e6 7. Nf3 Nge7 8. O-O O-O
9. Be3 b6 10. d4 d5 11. exd5 Nf5 12. Bf2 Ncxd4 13. Ne5 exd5 14. Nxd5 Be6 15. c4
Rc8 16. Qa4 a5 17. Qd1 b5 18. b3 Re8 19. Re1 h5 20. Rc1 a4 21. h3 axb3 22. axb3 1/2-1/2

[Event "17th Unive Open 2013"]
[Site "Hoogeveen NED"]
[Date "2013.10.19"]
[Round "2.13"]
[White "Schoehuijs, Erik"]
[Black "Schroeder, Jan-Christian"]
[Result "0-1"]
[BlackTitle "FM"]
[WhiteElo "2184"]
[BlackElo "2370"]
[WhiteFideId "1004425"]
[BlackFideId "24662259"]
[EventDate "2013.10.18"]

1. d4 d5 2. c4 e6 3. Nc3 Nf6 4. Nf3 Nbd7 5. g3 dxc4 6. Bg2 Bd6 7. Nd2 Nb6 8.
Nxc4 Nxc4 9. Qa4+ c6 10. Qxc4 O-O 11. O-O e5 12. Rd1 Qe7 13. Bg5 exd4 14. Ne4
Be5 15. Rxd4 Be6 16. Qd3 Rad8 17. Rxd8 Rxd8 18. Qc2 h6 19. Be3 Nxe4 20. Bxe4 Bd4
21. Bd2 Bg4 22. e3 Bxb2 23. Rb1 Bf6 0-1

[Event "17th Unive Open 2013"]
[Site "Hoogeveen NED"]
[Date "2013.10.19"]
[Round "2.14"]
[White "Baskin, Robert"]
[Black "Okkes, Menno"]
[Result "1/2-1/2"]
[BlackTitle "FM"]
[WhiteElo "2179"]
[BlackElo "2351"]
[WhiteFideId "24662402"]
[BlackFideId "1000756"]
[EventDate "2013.10.18"]

1. e4 c5 2. Nf3 Nc6 3. d4 cxd4 4. Nxd4 Nf6 5. Nc3 d6 6. Bc4 e6 7. Be3 Be7 8. O-O
O-O 9. Qe2 a6 10. a4 Bd7 11. Kh1 Nxd4 12. Bxd4 Bc6 13. f4 d5 14. Rad1 Re8 15.
Bb3 Bb4 16. exd5 exd5 17. Qd3 Bf8 18. Bxf6 Qxf6 19. Nxd5 Qd6 20. Qf5 Re2 21. Bc4
Qe6 22. Qxe6 Rxe6 23. Nc7 Rg6 24. f5 Bxg2+ 25. Kg1 Bc5+ 26. Rf2 Rg4 27. h3 Bxh3+
28. Kh2 Rc8 29. Bxf7+ Kxf7 30. Rd7+ Kg8 31. Kxh3 Rd4 32. Rxd4 Bxd4 33. Rd2 Be3
34. Rd7 Bg5 35. Ne6 Bf6 36. c3 b6 37. Rd6 Rc4 38. Rxb6 Rxa4 39. Rb8+ Kf7 40.
Rb7+ Kg8 41. Rb8+ Kf7 42. Rb7+ Kg8 43. Rb8+ 1/2-1/2

[Event "17th Unive Open 2013"]
[Site "Hoogeveen NED"]
[Date "2013.10.19"]
[Round "2.16"]
[White "Van Wageningen, Arie"]
[Black "Slingerland, Fred"]
[Result "1/2-1/2"]
[BlackTitle "IM"]
[WhiteElo "2036"]
[BlackElo "2345"]
[WhiteFideId "1033450"]
[BlackFideId "1002473"]
[EventDate "2013.10.18"]

1. Nf3 Nf6 2. d4 d5 3. c4 dxc4 4. Qa4+ Nbd7 5. Nc3 e6 6. Bg5 Be7 7. e3 O-O 8.
Qxc4 c5 9. dxc5 Nxc5 10. Be2 a6 11. Rd1 Qe8 12. Bxf6 gxf6 13. O-O b5 14. Qh4 Kh8
15. b4 Nd7 16. Ne4 Rg8 17. Rxd7 Bxd7 18. Nxf6 Bxf6 19. Qxf6+ Rg7 20. Ne5 Kg8 21.
Bf3 Ra7 22. Rd1 Kf8 23. h4 Qe7 24. Qf4 Be8 25. Bc6 f5 26. e4 Rc7 27. exf5 exf5
28. Qxf5+ Kg8 29. Bxe8 Qxe8 30. Qf6 Rc8 31. Qxa6 Rgc7 32. Qf6 Qe7 33. Qf4 Re8
34. Nf3 Rf8 35. Qd2 Kh8 36. Ng5 Qf6 37. Nf3 Rg7 38. Ng5 h6 39. Ne4 Qxh4 40. Ng3
Qg5 41. Qd6 Rf6 42. Qd8+ Rg8 43. Qd4 Qg7 44. Qe4 Qg4 45. Qd5 Rff8 46. Rd4 Qg5
47. Qb3 Qf6 48. Qe3 Re8 49. Ne4 Qg6 50. g3 Re6 51. Qc3 Qg7 52. Qd2 Rge8 53. Nc5
Re1+ 54. Kg2 R1e2 55. Qd3 Qh7 56. Qf3 R2e7 57. Rd6 Rf7 58. Qc3+ Kg8 59. Qd2 Ref8
60. f4 Rf6 61. Qd5+ Qf7 62. Ne4 Rxd6 63. Qxd6 Qxa2+ 64. Kh3 Qf7 65. Kg2 Qf5 66.
Qd4 Qg6 67. Qd5+ Kh7 68. Kf3 Rf5 69. Qd7+ Qf7 70. Qc6 Qh5+ 71. g4 Qh1+ 72. Ke2
Qg2+ 73. Ke3 Qg1+ 74. Nf2 Qe1+ 75. Kf3 Rf7 76. Qxb5 Rxf4+ 77. Kxf4 Qxf2+ 78. Ke5
Qg2 79. Kf6 Qxg4 80. Kf7 Qg6+ 81. Kf8 Qg7+ 82. Ke8 Qg8+ 83. Ke7 Qg7+ 84. Ke6
Qg6+ 85. Kd5 Qg4 86. Qd3+ Kg8 87. Qe4 Qd7+ 88. Kc4 Qc7+ 89. Kb3 Qb6 90. Qe5 Qg6
91. b5 h5 92. Qd5+ Kh7 93. Qd7+ Kh6 94. Qc6 h4 95. Qxg6+ Kxg6 96. b6 h3 97. b7
h2 98. b8=Q h1=Q 1/2-1/2

[Event "17th Unive Open 2013"]
[Site "Hoogeveen NED"]
[Date "2013.10.19"]
[Round "2.17"]
[White "Cebula, Jerzy"]
[Black "Haslinger, Stewart G"]
[Result "0-1"]
[BlackTitle "GM"]
[WhiteElo "2001"]
[BlackElo "2543"]
[WhiteFideId "1036742"]
[BlackFideId "405248"]
[EventDate "2013.10.18"]

1. e4 e5 2. Nf3 Nc6 3. Bb5 a6 4. Ba4 Nf6 5. d4 exd4 6. O-O Be7 7. Re1 b5 8. e5
Nxe5 9. Nxe5 bxa4 10. Qxd4 O-O 11. Nc3 Rb8 12. a3 Re8 13. Nxa4 c5 14. Qd1 Bb7
15. Bf4 d6 16. Nc4 Bd5 17. Rxe7 Rxe7 18. Nxd6 Bc6 19. Nxc5 Rxb2 20. Nxa6 Qa8 21.
Nb4 Bxg2 22. Nc4 Bh3 23. f3 Qa7+ 0-1

[Event "17th Unive Open 2013"]
[Site "Hoogeveen NED"]
[Date "2013.10.19"]
[Round "2.19"]
[White "Rooze, Jan"]
[Black "Krasenkova, Ilena"]
[Result "1-0"]
[WhiteTitle "FM"]
[BlackTitle "WIM"]
[WhiteElo "2355"]
[BlackElo "2133"]
[WhiteFideId "200050"]
[BlackFideId "4119037"]
[EventDate "2013.10.18"]

1. e4 c6 2. d4 d5 3. e5 c5 4. dxc5 Nc6 5. Nf3 e6 6. a3 a5 7. Be3 Nge7 8. Bd3 Ng6
9. Bxg6 hxg6 10. Nc3 Be7 11. O-O Bd7 12. Re1 Qb8 13. Nb5 Nxe5 14. Bf4 Bxb5 15.
Bxe5 Qd8 16. Bxg7 Rh7 17. Bd4 Qc8 18. Ne5 Bxc5 19. Re3 Bd6 20. Ng4 Kf8 21. h3
Ra6 22. Qf3 Qxc2 23. Rc3 Qf5 24. Rc8+ Ke7 25. Bf6+ Kd7 26. Rd8+ Kc7 27. Qc3+ Bc6
28. Rxd6 Kxd6 29. Be5+ Ke7 30. Qc5+ Kd8 31. Qd6+ Bd7 32. Qb8+ Ke7 33. Bf6+ Qxf6
34. Nxf6 Kxf6 35. Qd8+ Kg7 36. Qxd7 Rb6 37. Qc7 Rb5 38. Qe5+ Kh6 39. Rd1 Rg7 40.
Rd4 g5 41. h4 g4 42. Rf4 Rc5 43. Qe3 d4 44. Rxd4+ Kh7 45. Rxg4 Rxg4 46. Qxc5
Rxh4 47. Qe7 Rf4 48. Qxb7 Rf5 49. b4 axb4 50. axb4 Kg7 51. b5 Kf6 52. b6 Rb5 53.
Qc7 1-0

[Event "17th Unive Open 2013"]
[Site "Hoogeveen NED"]
[Date "2013.10.19"]
[Round "2.20"]
[White "Zepeda, Lorena"]
[Black "Clemens, Adrian"]
[Result "1/2-1/2"]
[WhiteTitle "WIM"]
[BlackTitle "FM"]
[WhiteElo "2156"]
[BlackElo "2206"]
[WhiteFideId "6700233"]
[BlackFideId "1006487"]
[EventDate "2013.10.18"]

1. e4 c5 2. Nf3 e6 3. d4 cxd4 4. Nxd4 Nc6 5. Nb5 d6 6. c4 Nf6 7. N1c3 a6 8. Na3
b6 9. Be3 Bb7 10. Be2 Ne5 11. f3 Ned7 12. O-O Be7 13. Qd2 O-O 14. Rfd1 Qc7 15.
Rac1 Rac8 16. Bf1 Qb8 17. Qf2 Bd8 18. b4 Bc7 19. g3 Rfe8 20. Nc2 Ba8 21. Rb1 Bb7
22. Nd4 Qa8 23. g4 h6 24. h4 Ne5 25. g5 hxg5 26. hxg5 Nh7 27. Rb2 Bb8 28. Qh4
Ng6 29. Qh3 d5 30. exd5 exd5 31. Nxd5 Bxd5 32. cxd5 Qxd5 33. Rbd2 Qe5 34. Nf5
Qe6 35. Bxa6 Rc3 36. Rd3 Rxd3 37. Bxd3 Nhf8 38. Qg4 Ne5 39. Qe4 Nxd3 40. Qxd3
Ng6 41. Qd7 Bf4 42. Qxe6 Rxe6 43. Kf2 Re5 44. Bxf4 Nxf4 45. Ng3 Rxg5 46. Rd6 b5 1/2-1/2

[Event "17th Unive Open 2013"]
[Site "Hoogeveen NED"]
[Date "2013.10.19"]
[Round "2.21"]
[White "Dijkhuis, Sven"]
[Black "Kollen, Zyon"]
[Result "1-0"]
[WhiteElo "1921"]
[BlackElo "2188"]
[WhiteFideId "1036556"]
[BlackFideId "1024256"]
[EventDate "2013.10.18"]

1. e4 e6 2. d4 d5 3. Nd2 Nf6 4. e5 Nfd7 5. f4 c5 6. c3 b6 7. Ndf3 g6 8. Bd3 Ba6
9. Ne2 Bxd3 10. Qxd3 c4 11. Qc2 Nc6 12. g4 Ne7 13. Ng3 h5 14. gxh5 gxh5 15. h4
Bh6 16. f5 Nxf5 17. Nxf5 exf5 18. Bxh6 Rxh6 19. Qxf5 Qe7 20. O-O-O O-O-O 21. Ng5
Rf8 22. Rde1 b5 23. Qf3 b4 24. Qxd5 bxc3 25. Qxc4+ Kb8 26. e6 cxb2+ 27. Kb1 fxe6
28. Rh2 Nb6 29. Rxb2 Rc8 30. Qb5 Ka8 31. Qe5 Qd7 32. Nxe6 Qc6 33. d5 Qc3 34.
Qxc3 Rxc3 35. d6 Rh7 36. Nc7+ Kb7 37. Re7 Rxc7 38. Rxc7+ Rxc7 39. dxc7 Kxc7 40.
Rb5 Kd6 41. Rxh5 Nc4 42. Rh8 Ke5 43. h5 Kf6 44. h6 Nb6 45. Rh7 1-0

[Event "17th Unive Open 2013"]
[Site "Hoogeveen NED"]
[Date "2013.10.19"]
[Round "2.22"]
[White "Kolodkin, Daniil"]
[Black "Vogel, Jaap"]
[Result "0-1"]
[BlackTitle "FM"]
[WhiteElo "1981"]
[BlackElo "2180"]
[WhiteFideId "1039776"]
[BlackFideId "1000764"]
[EventDate "2013.10.18"]

1. e4 e6 2. d4 d5 3. Nc3 Bb4 4. e5 c5 5. a3 Bxc3+ 6. bxc3 Qa5 7. Bd2 Qa4 8. Qb1
c4 9. g3 Nc6 10. Nh3 Bd7 11. Bg2 O-O-O 12. O-O f6 13. exf6 Nxf6 14. Ng5 Rhf8 15.
Bf3 Rde8 16. Re1 Nd8 17. Bg2 h6 18. Nh3 g5 19. f4 g4 20. Nf2 h5 21. Nd1 Nf7 22.
Ne3 Nd6 23. Qb4 Qxb4 24. axb4 a6 25. Re2 Bb5 26. Rf1 Bd7 27. Kh1 Nde4 28. Bxe4
Nxe4 29. Kg1 Kc7 30. Nxc4 Bb5 0-1

[Event "17th Unive Open 2013"]
[Site "Hoogeveen NED"]
[Date "2013.10.19"]
[Round "2.23"]
[White "Van Wessel, Rudy"]
[Black "Henseler, Jorgen"]
[Result "1-0"]
[WhiteTitle "FM"]
[WhiteElo "2388"]
[BlackElo "2088"]
[WhiteFideId "1004395"]
[BlackFideId "1023233"]
[EventDate "2013.10.18"]

1. d4 Nf6 2. c4 g6 3. Nc3 Bg7 4. e4 d6 5. Bd3 O-O 6. Nge2 e5 7. d5 Nbd7 8. O-O
Nc5 9. Bc2 a5 10. Ng3 Bd7 11. Rb1 h5 12. Bg5 Qe8 13. Qd2 Nh7 14. Be3 Qe7 15. b3
Bf6 16. a3 Bg5 17. b4 Bxe3 18. Qxe3 axb4 19. axb4 Na6 20. Nge2 Kg7 21. Nc1 h4
22. Nd3 Nf6 23. h3 Nh5 24. c5 f5 25. exf5 Bxf5 26. c6 b6 27. Rfd1 Qf6 28. Ne4
Bxe4 29. Qxe4 Qg5 30. Ra1 b5 31. Qg4 Qxg4 32. hxg4 Nf6 33. Bb3 Nxg4 34. f3 e4
35. fxe4 Ne5 36. Nxe5 dxe5 37. Ra5 Nxb4 38. Rda1 Rxa5 39. Rxa5 Rb8 40. Ra7 Rc8
41. Bd1 Kf6 42. Bg4 Rb8 43. Rxc7 Na6 44. Ra7 1-0